[Event "Wch U18"]
[Site "Florianopolis"]
[Date "2024.11.05"]
[Round "7"]
[White "Zelaya Aragon, Eros Ivan"]
[Black "Collin, Moritz Valentin"]
[Result "0-1"]
[WhiteElo "1909"]
[BlackElo "2179"]
[PlyCount "62"]
[EventDate "2024.10.29"]
[EventType "swiss"]
[EventRounds "11"]
[EventCountry "BRA"]
[SourceTitle "CB45_2024"]
[Source "ChessBase"]
[SourceDate "2024.11.06"]
[SourceVersion "1"]
[SourceVersionDate "2024.11.06"]
[SourceQuality "1"]

1. e4 c5 2. Nf3 e6 3. d4 cxd4 4. Nxd4 Nc6 5. Nc3 Qc7 6. f4 a6 7. Nb3 b5 8. Be3 Na5 9. Nxa5 Qxa5 10. a3 Bb7 11. Bd3 Nf6 12. 0-0 Qc7 13. Qf3 d5 14. f5 Bd6 15. fxe6 fxe6 16. exd5 Bxh2+ 17. Kh1 Be5 18. Qh3 exd5 19. Bd4 Bxd4 20. Rae1+ Kf8 21. Qe6 Qf7 22. Qd6+ Kg8 23. Bf5 Bc8 24. Nxd5 Qh5+ 25. Bh3 Bxh3 26. Nf4 Qc5 27. Qxc5 Bxg2+ 28. Kxg2 Bxc5 29. Ne6 Bf8 30. Kf3 h5 31. Rg1 Ng4 0-1

[Event "Wch U18"]
[Site "Florianopolis"]
[Date "2024.11.03"]
[Round "6"]
[White "Guarin Fonseca, Nobel Alfredo"]
[Black "Zelaya Aragon, Eros Ivan"]
[Result "1/2-1/2"]
[WhiteElo "2062"]
[BlackElo "1909"]
[PlyCount "42"]
[EventDate "2024.10.29"]
[EventType "swiss"]
[EventRounds "11"]
[EventCountry "BRA"]
[SourceTitle "CB45_2024"]
[Source "ChessBase"]
[SourceDate "2024.11.06"]
[SourceVersion "1"]
[SourceVersionDate "2024.11.06"]
[SourceQuality "1"]

1. d4 Nf6 2. c4 e6 3. Nf3 c5 4. dxc5 Bxc5 5. g3 0-0 6. Nc3 d5 7. e3 a6 8. a3 dxc4 9. Bxc4 b5 10. Be2 Qxd1+ 11. Nxd1 Bb7 12. 0-0 Rd8 13. b4 Be7 14. Bb2 Ne4 15. Nc3 Nd6 16. Rad1 Nd7 17. Nd2 Nf6 18. Nb3 Nc4 19. Bc1 Rdc8 20. Nb1 Bd5 21. Nd4 Nd6 1/2-1/2

[Event "Buenos Aires Tigre op"]
[Site "Buenos Aires"]
[Date "2024.09.11"]
[Round "6"]
[White "Zelaya Aragon, Eros Ivan"]
[Black "Saptie, Federico"]
[Result "1-0"]
[WhiteElo "1901"]
[BlackElo "1551"]
[PlyCount "77"]
[EventDate "2024.09.04"]
[EventType "swiss"]
[EventRounds "9"]
[EventCountry "ARG"]
[SourceTitle "EXT 2025"]
[Source "ChessBase"]
[SourceDate "2024.10.14"]
[SourceVersion "1"]
[SourceVersionDate "2024.10.14"]
[SourceQuality "1"]

1. e4 c6 2. d4 d5 3. exd5 cxd5 4. Bd3 Nf6 5. Bf4 g6 6. Nf3 Bg4 7. Nbd2 Nc6 8. c3 Bg7 9. 0-0 0-0 10. h3 Bf5 11. Ne5 Bxd3 12. Nxd3 Nh5 13. Bh2 f5 14. Nc5 Qc8 15. Qb3 e6 16. Nxb7 f4 17. Nc5 Rb8 18. Qa3 a5 19. Nf3 e5 20. dxe5 Nxe5 21. Nxe5 Bxe5 22. Nd3 Bg7 23. Qxa5 Qc4 24. Nb4 Rb5 25. Qa4 Rd8 26. Rac1 Kh8 27. b3 Qc5 28. Nd3 Qb6 29. Rfe1 g5 30. Ne5 Kg8 31. Qa3 Bf8 32. Qb2 Ng3 33. b4 Bg7 34. a4 Ra5 35. Nc6 Raa8 36. Nxd8 Rxd8 37. a5 Qa7 38. Qb3 Ne4 39. Rxe4 1-0

[Event "Villa Ballester op"]
[Site "Villa Ballester"]
[Date "2024.08.09"]
[Round "5"]
[White "Zelaya Aragon, Eros Ivan"]
[Black "Gnemmi, Tiziano"]
[Result "1-0"]
[WhiteElo "1885"]
[BlackElo "1724"]
[PlyCount "67"]
[EventDate "2024.08.02"]
[EventType "swiss"]
[EventRounds "7"]
[EventCountry "ARG"]
[SourceTitle "EXT 2025"]
[Source "ChessBase"]
[SourceDate "2024.10.14"]
[SourceVersion "1"]
[SourceVersionDate "2024.10.14"]
[SourceQuality "1"]

1. e4 c6 2. d4 d5 3. exd5 cxd5 4. Bd3 Nf6 5. Bf4 Bg4 6. Nf3 Nc6 7. c3 e6 8. Nbd2 Bd6 9. Bxd6 Qxd6 10. 0-0 0-0 11. Qe1 Rfe8 12. Ne5 Bh5 13. f4 Ng4 14. Qh4 Nf6 15. Rae1 Bg6 16. Bxg6 hxg6 17. Re3 Ne7 18. Rh3 Kf8 19. g4 Neg8 20. Ndf3 Re7 21. Qh8 Qa6 22. Ng5 Qe2 23. Nh7+ Nxh7 24. Rxh7 Qe3+ 25. Kg2 Qe4+ 26. Kg3 f6 27. f5 exf5 28. Nxg6+ Ke8 29. gxf5 Qe3+ 30. Rf3 Qg5+ 31. Kh3 Kd7 32. Nxe7 Nh6 33. Qxg7 Qxg7 34. Rxg7 1-0

[Event "Buenos Aires Masters op"]
[Site "Buenos Aires"]
[Date "2024.06.21"]
[Round "7"]
[White "Ccahuancama, Abraham William"]
[Black "Zelaya Aragon, Eros Ivan"]
[Result "1-0"]
[WhiteElo "1855"]
[BlackElo "1926"]
[PlyCount "43"]
[EventDate "2024.06.17"]
[EventType "swiss"]
[EventRounds "9"]
[EventCountry "ARG"]
[SourceTitle "EXT 2025"]
[Source "ChessBase"]
[SourceDate "2024.10.14"]
[SourceVersion "1"]
[SourceVersionDate "2024.10.14"]
[SourceQuality "1"]

1. d4 d5 2. Nf3 Nf6 3. c4 e6 4. g3 c6 5. Bg2 Be7 6. 0-0 0-0 7. Qc2 b6 8. b3 Nbd7 9. Nbd2 Bb7 10. Bb2 Qc7 11. Ne5 Rac8 12. e4 dxc4 13. Nxd7 Qxd7 14. Nxc4 c5 15. d5 exd5 16. exd5 Bxd5 17. Rad1 Qb7 18. Bxd5 Nxd5 19. Qe4 Rcd8 20. Ne3 Nxe3 21. Qxb7 Nxd1 22. Bxg7 1-0

[Event "Buenos Aires Masters op"]
[Site "Buenos Aires"]
[Date "2024.06.20"]
[Round "5"]
[White "Troche, Dylan"]
[Black "Zelaya Aragon, Eros Ivan"]
[Result "1/2-1/2"]
[WhiteElo "1847"]
[BlackElo "1926"]
[PlyCount "148"]
[EventDate "2024.06.17"]
[EventType "swiss"]
[EventRounds "9"]
[EventCountry "ARG"]
[SourceTitle "CBM 220 Extra"]
[Source "ChessBase"]
[SourceDate "2024.07.31"]
[SourceVersion "1"]
[SourceVersionDate "2024.07.31"]
[SourceQuality "1"]

1. e4 c5 2. Nf3 d6 3. d4 cxd4 4. Nxd4 Nf6 5. Nc3 a6 6. Be3 Ng4 7. Bc1 g6 8. h3 Nf6 9. Be3 Nc6 10. Bc4 Qa5 11. Qd2 Bg7 12. 0-0-0 0-0 13. f3 Bd7 14. Kb1 Ne5 15. Bb3 Rfc8 16. Bg5 Nc4 17. Bxc4 Rxc4 18. Bxf6 Bxf6 19. Nd5 Qxd2 20. Nxf6+ Kg7 21. Nh5+ Kh6 22. Rxd2 Kxh5 23. Ne2 Be6 24. h4 Kh6 25. g4 Kg7 26. Ng3 h6 27. g5 hxg5 28. hxg5 Rh8 29. Rxh8 Kxh8 30. f4 Rc5 31. Ne2 Kg7 32. c3 Rc8 33. Nd4 Bd7 34. Rh2 Rc5 35. Nb3 Rc4 36. Nd2 Rc8 37. Kc2 b5 38. Kd3 e5 39. fxe5 dxe5 40. Nf3 Re8 41. Ke3 Bg4 42. Rh4 Bxf3 43. Kxf3 Rc8 44. Ke3 b4 45. Kd3 bxc3 46. bxc3 f6 47. gxf6+ Kxf6 48. Rh7 Kg5 49. a4 Rc6 50. Rf7 Rf6 51. Rxf6 Kxf6 52. Ke3 Ke6 53. Kf3 a5 54. Kg4 Kd6 55. Kg5 Kc5 56. Kxg6 Kc4 57. Kf5 Kb3 58. Kxe5 Kxa4 59. Kd6 Kb3 60. e5 a4 61. e6 a3 62. e7 a2 63. e8Q a1Q 64. Qe6+ Kc2 65. Qf5+ Kb3 66. Qe6+ Kc2 67. c4 Qa6+ 68. Kd7 Qb7+ 69. Kd6 Qa6+ 70. Kd7 Qb7+ 71. Kd6 Qb6+ 72. Ke5 Qc7+ 73. Kd4 Qf4+ 74. Kd5 Qg5+ 1/2-1/2

[Event "Buenos Aires Masters op"]
[Site "Buenos Aires"]
[Date "2024.06.19"]
[Round "4"]
[White "Zelaya Aragon, Eros Ivan"]
[Black "Lalli, Maximiliano"]
[Result "1/2-1/2"]
[WhiteElo "1926"]
[BlackElo "1701"]
[PlyCount "67"]
[EventDate "2024.06.17"]
[EventType "swiss"]
[EventRounds "9"]
[EventCountry "ARG"]
[SourceTitle "CBM 220 Extra"]
[Source "ChessBase"]
[SourceDate "2024.07.31"]
[SourceVersion "1"]
[SourceVersionDate "2024.07.31"]
[SourceQuality "1"]

1. e4 e6 2. d4 d5 3. e5 c5 4. c3 Nc6 5. Nf3 Qb6 6. a3 c4 7. Nbd2 Na5 8. Rb1 Qc7 9. Be2 Bd7 10. h4 Ne7 11. h5 h6 12. Rh3 Nb3 13. Nxb3 Ba4 14. Bf4 Bxb3 15. Qc1 Nc6 16. Nd2 Na5 17. Nxb3 Nxb3 18. Qe3 0-0-0 19. g4 Be7 20. Bd1 Na5 21. g5 hxg5 22. Bxg5 Bxg5 23. Qxg5 Rdg8 24. Ba4 Qd8 25. Qxd8+ Kxd8 26. Ke2 Rh6 27. Rg1 Ke7 28. f4 f5 29. Rg5 Nc6 30. Bxc6 bxc6 31. Rhg3 Kf7 32. Kd2 a5 33. a4 g6 34. hxg6+ 1/2-1/2

[Event "Buenos Aires Masters op"]
[Site "Buenos Aires"]
[Date "2024.06.18"]
[Round "3"]
[White "Perez Candelas, Andres Eloy"]
[Black "Zelaya Aragon, Eros Ivan"]
[Result "1-0"]
[WhiteElo "2246"]
[BlackElo "1926"]
[PlyCount "55"]
[EventDate "2024.06.17"]
[EventType "swiss"]
[EventRounds "9"]
[EventCountry "ARG"]
[SourceTitle "CBM 220 Extra"]
[Source "ChessBase"]
[SourceDate "2024.07.31"]
[SourceVersion "1"]
[SourceVersionDate "2024.07.31"]
[SourceQuality "1"]

1. c4 c5 2. e3 Nf6 3. Nf3 Nc6 4. Nc3 g6 5. d4 cxd4 6. exd4 d5 7. cxd5 Nxd5 8. Bc4 Nxc3 9. bxc3 Bg7 10. 0-0 0-0 11. Re1 Qc7 12. Bb3 b5 13. Ba3 a5 14. Bd5 Bf6 15. Qb3 Bd7 16. Ne5 a4 17. Qd1 Rac8 18. Qe2 Nd8 19. Rab1 Bf5 20. Rxb5 Qxc3 21. g4 Be6 22. Bg2 Bxe5 23. Qxe5 Bxg4 24. Bb4 Qc2 25. Qg5 Bd7 26. Rc5 Rxc5 27. dxc5 Qxa2 28. Bc3 1-0

[Event "Buenos Aires Masters op"]
[Site "Buenos Aires"]
[Date "2024.06.17"]
[Round "2"]
[White "Zelaya Aragon, Eros Ivan"]
[Black "Manes, Pedro"]
[Result "1-0"]
[WhiteElo "1926"]
[BlackElo "1737"]
[PlyCount "69"]
[EventDate "2024.06.17"]
[EventType "swiss"]
[EventRounds "9"]
[EventCountry "ARG"]
[SourceTitle "CBM 220 Extra"]
[Source "ChessBase"]
[SourceDate "2024.07.31"]
[SourceVersion "1"]
[SourceVersionDate "2024.07.31"]
[SourceQuality "1"]

1. e4 c6 2. d4 d5 3. exd5 cxd5 4. Bd3 Nc6 5. c3 Nf6 6. Bf4 Bg4 7. Nf3 e6 8. Nbd2 Bd6 9. Bxd6 Qxd6 10. 0-0 0-0 11. Qb3 a6 12. Rae1 b5 13. a3 Na5 14. Qc2 Nc4 15. Ne5 Bh5 16. h3 Nd7 17. Nxd7 Nxd2 18. Bxh7+ Kh8 19. Qxd2 Qxd7 20. Bd3 f6 21. Qf4 g5 22. Qg3 Rae8 23. f4 Rg8 24. fxg5 Rxg5 25. Qh4 Qg7 26. Kh1 Kg8 27. Rf2 Bg6 28. Bxg6 Qxg6 29. Ref1 Rf8 30. Qf4 Kg7 31. Qc7+ Rf7 32. Qd6 Qe4 33. Qxa6 Kg6 34. Qxb5 Rh7 35. Rxf6+ 1-0

[Event "Villa Ballester op 73rd"]
[Site "Buenos Aires"]
[Date "2024.01.25"]
[Round "6"]
[White "Ojea, Ricardo"]
[Black "Zelaya Aragon, Eros Ivan"]
[Result "1-0"]
[WhiteElo "1978"]
[BlackElo "1786"]
[PlyCount "61"]
[EventDate "2024.01.19"]
[EventType "swiss"]
[EventRounds "9"]
[EventCountry "ARG"]
[SourceTitle "CBM 218 Extra"]
[Source "ChessBase"]
[SourceDate "2024.03.31"]
[SourceVersion "1"]
[SourceVersionDate "2024.03.31"]
[SourceQuality "1"]

1. e4 c5 2. Nf3 d6 3. c3 Nf6 4. Be2 Bg4 5. 0-0 e6 6. d3 Nc6 7. Be3 d5 8. Nbd2 Bd6 9. exd5 exd5 10. Bg5 Qc7 11. d4 Ne4 12. dxc5 Nxc5 13. h3 Be6 14. Rc1 f6 15. Be3 Qd7 16. Nd4 Bxh3 17. Bf3 Na6 18. Re1 0-0 19. Bxd5+ Kh8 20. Nxc6 bxc6 21. Bc4 Bg4 22. Nf3 Nc7 23. Bf4 Rad8 24. Qxd6 Qxd6 25. Bxd6 Rxd6 26. Re7 Rd7 27. Rce1 Rfd8 28. Nd4 Rb8 29. Nxc6 Rc8 30. f3 Bf5 31. g4 1-0

[Event "Villa Ballester op 73rd"]
[Site "Buenos Aires"]
[Date "2024.01.21"]
[Round "4"]
[White "Calens, Diego"]
[Black "Zelaya Aragon, Eros Ivan"]
[Result "1-0"]
[WhiteElo "1976"]
[BlackElo "1786"]
[PlyCount "109"]
[EventDate "2024.01.19"]
[EventType "swiss"]
[EventRounds "9"]
[EventCountry "ARG"]
[SourceTitle "CBM 218 Extra"]
[Source "ChessBase"]
[SourceDate "2024.03.31"]
[SourceVersion "1"]
[SourceVersionDate "2024.03.31"]
[SourceQuality "1"]

1. d4 Nf6 2. c4 g6 3. Nc3 Bg7 4. e4 d6 5. f3 0-0 6. Be3 e5 7. d5 a5 8. Qd2 Nbd7 9. Bd3 Nc5 10. Bc2 Ne8 11. 0-0-0 f5 12. Nge2 f4 13. Bf2 Bd7 14. Kb1 b6 15. Nc1 Nf6 16. Bxc5 bxc5 17. Ba4 Bxa4 18. Nxa4 Nd7 19. Ne2 Qb8 20. Qc2 Qb7 21. Nec3 Rfd8 22. Nb5 Nf8 23. Rd3 Rd7 24. Rhd1 Rad8 25. R1d2 Kf7 26. Rb3 Qa6 27. Na3 Ra8 28. Rb5 Bf6 29. Qb3 Bd8 30. Rb8 Rxb8 31. Qxb8 c6 32. dxc6 Qxc6 33. Nb5 Ke7 34. Nac3 Ne6 35. Na7 Qa6 36. Nc8+ Kf6 37. Rxd6 Rxd6 38. Nxd6 Bc7 39. Ne8+ Kf7 40. Nxc7 Qxc4 41. Qe8+ Kg7 42. Nxe6+ Kh6 43. Qf8+ Kh5 44. Ng7+ Kg5 45. Qe7+ Kh6 46. Nf5+ gxf5 47. Qf6+ Kh5 48. Qxf5+ Kh6 49. Qf6+ Kh5 50. Qxe5+ Kg6 51. Qf5+ Kg7 52. Qg5+ Kh8 53. Qe5+ Kg8 54. Qd5+ Kg7 55. Qxc4 1-0

[Event "ARG-ch sf 98th"]
[Site "Buenos Aires"]
[Date "2023.05.07"]
[Round "9"]
[White "Zelaya Aragon, Eros Ivan"]
[Black "Senestraro, Lucas"]
[Result "1-0"]
[WhiteElo "1436"]
[BlackElo "1731"]
[PlyCount "103"]
[EventDate "2023.04.29"]
[EventType "swiss"]
[EventRounds "9"]
[EventCountry "ARG"]
[SourceTitle "EXT 2024"]
[Source "ChessBase"]
[SourceDate "2023.10.10"]
[SourceVersion "1"]
[SourceVersionDate "2023.10.10"]
[SourceQuality "1"]

1. d4 d5 2. Bf4 Nf6 3. Nf3 c5 4. e3 Bf5 5. Bd3 Bxd3 6. Qxd3 cxd4 7. exd4 Nc6 8. Nbd2 e6 9. c3 Bd6 10. Bxd6 Qxd6 11. 0-0 0-0 12. Rfe1 Qc7 13. Ne5 Rab8 14. Re2 b5 15. Ndf3 b4 16. Rc1 Qb7 17. Nxc6 Qxc6 18. c4 dxc4 19. Rxc4 Qa6 20. b3 Rfd8 21. Ne5 Rd6 22. Qf3 Rc8 23. Rec2 Rf8 24. Nc6 Nd5 25. Qg3 Rd7 26. Nb8 Qd6 27. Nxd7 Qxd7 28. h3 g6 29. Rc6 Ra8 30. R2c4 Qb7 31. Qg5 Kg7 32. Qe5+ Kg8 33. Qd6 Rf8 34. Qc5 Kg7 35. Rc8 Rxc8 36. Qxc8 Qb6 37. Qc5 Qb8 38. g3 h5 39. Qc8 Qd6 40. Qe8 Nb6 41. Rc6 Qxd4 42. Rc7 Qf6 43. Rxa7 h4 44. gxh4 Qf3 45. Qxe6 Nd5 46. Qe5+ Nf6 47. Qg3 Qd1+ 48. Kh2 Qd4 49. Re7 Kf8 50. Re2 Qd1 51. Qe5 Nd5 52. Qh8# 1-0

[Event "ARG-ch sf 98th"]
[Site "Buenos Aires"]
[Date "2023.04.30"]
[Round "2"]
[White "Zelaya Aragon, Eros Ivan"]
[Black "Fuxz, Diego"]
[Result "1-0"]
[WhiteElo "1436"]
[BlackElo "1839"]
[PlyCount "47"]
[EventDate "2023.04.29"]
[EventType "swiss"]
[EventRounds "9"]
[EventCountry "ARG"]
[SourceTitle "CBM 214 Extra"]
[Source "ChessBase"]
[SourceDate "2023.07.31"]
[SourceVersion "1"]
[SourceVersionDate "2023.07.31"]
[SourceQuality "1"]

1. e4 e5 2. Nf3 Nc6 3. Bc4 Nf6 4. d3 Bc5 5. c3 d6 6. Bb3 a6 7. 0-0 h6 8. d4 Ba7 9. Qd3 0-0 10. h3 Bd7 11. a4 Re8 12. Re1 b5 13. Nbd2 Qb8 14. a5 Qc8 15. Nf1 exd4 16. cxd4 Nb4 17. Qc3 c5 18. Ng3 Bc6 19. d5 Bd7 20. Bxh6 Bxh3 21. Bxg7 c4 22. Qxf6 Qg4 23. Ng5 Rf8 24. Bh6 1-0